<?xml version="1.0" encoding="UTF-8"?>
<collection xmlns="http://www.loc.gov/MARC21/slim">
 <record>
  <leader>02551nam a22005537a 4500</leader>
  <controlfield tag="001">000234471</controlfield>
  <controlfield tag="003">CZ-PrVSE</controlfield>
  <controlfield tag="005">20140310145650.0</controlfield>
  <controlfield tag="007">ta</controlfield>
  <controlfield tag="008">130529s2013    xr a   fr     000 0 cze d</controlfield>
  <datafield tag="015" ind1=" " ind2=" ">
   <subfield code="a">cnb002457719</subfield>
  </datafield>
  <datafield tag="020" ind1=" " ind2=" ">
   <subfield code="a">978-80-247-4631-9</subfield>
   <subfield code="q">(brož.)</subfield>
  </datafield>
  <datafield tag="035" ind1=" " ind2=" ">
   <subfield code="a">(OCoLC)852383052</subfield>
  </datafield>
  <datafield tag="040" ind1=" " ind2=" ">
   <subfield code="a">ABA006</subfield>
   <subfield code="b">cze</subfield>
   <subfield code="c">ABA006</subfield>
   <subfield code="d">ABA006</subfield>
  </datafield>
  <datafield tag="072" ind1=" " ind2="7">
   <subfield code="a">005</subfield>
   <subfield code="x">Management. Řízení</subfield>
   <subfield code="2">Konspekt</subfield>
   <subfield code="9">4</subfield>
  </datafield>
  <datafield tag="072" ind1=" " ind2="9">
   <subfield code="a">650</subfield>
   <subfield code="x">Management and auxiliary services</subfield>
   <subfield code="2">Conspectus</subfield>
   <subfield code="9">4</subfield>
  </datafield>
  <datafield tag="080" ind1=" " ind2=" ">
   <subfield code="a">005.8</subfield>
   <subfield code="2">MRF</subfield>
  </datafield>
  <datafield tag="080" ind1=" " ind2=" ">
   <subfield code="a">005.511</subfield>
   <subfield code="2">MRF</subfield>
  </datafield>
  <datafield tag="080" ind1=" " ind2=" ">
   <subfield code="a">371.3</subfield>
   <subfield code="2">MRF</subfield>
  </datafield>
  <datafield tag="080" ind1=" " ind2=" ">
   <subfield code="a">(035)</subfield>
   <subfield code="2">MRF</subfield>
  </datafield>
  <datafield tag="099" ind1=" " ind2="9">
   <subfield code="a">005.8DOL</subfield>
  </datafield>
  <datafield tag="100" ind1="1" ind2=" ">
   <subfield code="a">Doležal, Jan,</subfield>
   <subfield code="d">1979-</subfield>
   <subfield code="7">xx0042318</subfield>
   <subfield code="4">aut</subfield>
  </datafield>
  <datafield tag="245" ind1="1" ind2="0">
   <subfield code="a">5 kroků k úspěšnému projektu :</subfield>
   <subfield code="b">22 šablon klíčových dokumentů a 3 kompletní reálné projekty /</subfield>
   <subfield code="c">Jan Doležal, Jiří Krátký, Ondřej Cingl</subfield>
  </datafield>
  <datafield tag="246" ind1="3" ind2=" ">
   <subfield code="a">Pět kroků k úspěšnému projektu</subfield>
  </datafield>
  <datafield tag="250" ind1=" " ind2=" ">
   <subfield code="a">1. vyd.</subfield>
  </datafield>
  <datafield tag="260" ind1=" " ind2=" ">
   <subfield code="a">Praha :</subfield>
   <subfield code="b">Grada Publishing,</subfield>
   <subfield code="c">2013</subfield>
  </datafield>
  <datafield tag="300" ind1=" " ind2=" ">
   <subfield code="a">181 s. :</subfield>
   <subfield code="b">il.</subfield>
  </datafield>
  <datafield tag="490" ind1="1" ind2=" ">
   <subfield code="a">Management</subfield>
  </datafield>
  <datafield tag="650" ind1="0" ind2="7">
   <subfield code="a">projektový management</subfield>
   <subfield code="7">ph115894</subfield>
   <subfield code="2">czenas</subfield>
  </datafield>
  <datafield tag="650" ind1="0" ind2="7">
   <subfield code="a">podnikatelské projekty</subfield>
   <subfield code="7">ph124161</subfield>
   <subfield code="2">czenas</subfield>
  </datafield>
  <datafield tag="650" ind1="0" ind2="7">
   <subfield code="a">studium a výuka</subfield>
   <subfield code="7">ph136700</subfield>
   <subfield code="2">czenas</subfield>
  </datafield>
  <datafield tag="655" ind1=" " ind2="7">
   <subfield code="a">příručky</subfield>
   <subfield code="7">fd133209</subfield>
   <subfield code="2">czenas</subfield>
  </datafield>
  <datafield tag="650" ind1="0" ind2="9">
   <subfield code="a">project management</subfield>
   <subfield code="2">eczenas</subfield>
  </datafield>
  <datafield tag="650" ind1="0" ind2="9">
   <subfield code="a">business planning</subfield>
   <subfield code="2">eczenas</subfield>
  </datafield>
  <datafield tag="650" ind1="0" ind2="9">
   <subfield code="a">study and teaching</subfield>
   <subfield code="2">eczenas</subfield>
  </datafield>
  <datafield tag="655" ind1=" " ind2="9">
   <subfield code="a">handbooks and manuals</subfield>
   <subfield code="2">eczenas</subfield>
  </datafield>
  <datafield tag="700" ind1="1" ind2=" ">
   <subfield code="a">Krátký, Jiří,</subfield>
   <subfield code="d">1978-</subfield>
   <subfield code="7">mzk2007382081</subfield>
   <subfield code="4">aut</subfield>
  </datafield>
  <datafield tag="700" ind1="1" ind2=" ">
   <subfield code="a">Cingl, Ondřej</subfield>
   <subfield code="7">ola2010610575</subfield>
   <subfield code="4">aut</subfield>
  </datafield>
  <datafield tag="830" ind1=" " ind2="0">
   <subfield code="a">Management (Grada)</subfield>
  </datafield>
  <datafield tag="856" ind1="4" ind2="2">
   <subfield code="u">https://katalog.vse.cz/Record/000072318</subfield>
   <subfield code="y">E-book</subfield>
   <subfield code="x">LKR</subfield>
  </datafield>
  <datafield tag="993" ind1=" " ind2=" ">
   <subfield code="a">005753136</subfield>
  </datafield>
  <datafield tag="996" ind1=" " ind2=" ">
   <subfield code="1">HKM</subfield>
   <subfield code="3">A 10585-V2</subfield>
   <subfield code="4">N:P</subfield>
   <subfield code="5">4202142413</subfield>
   <subfield code="8">20180305</subfield>
   <subfield code="9">005.8DOL</subfield>
   <subfield code="f">83</subfield>
   <subfield code="g">96</subfield>
   <subfield code="l">UEP01</subfield>
   <subfield code="m">BOOK</subfield>
   <subfield code="q">J. Hradec KM</subfield>
   <subfield code="s">DISLOK: Vinšová, Tereza - ISIS57757</subfield>
   <subfield code="t">na dislokovaném</subfield>
   <subfield code="u">UEP01</subfield>
  </datafield>
  <datafield tag="996" ind1=" " ind2=" ">
   <subfield code="1">HPUVV</subfield>
   <subfield code="3">A 10585-V1</subfield>
   <subfield code="4">N:P</subfield>
   <subfield code="5">4202137235</subfield>
   <subfield code="8">20130619</subfield>
   <subfield code="9">005.8DOL</subfield>
   <subfield code="f">81</subfield>
   <subfield code="l">UEP01</subfield>
   <subfield code="m">BOOK</subfield>
   <subfield code="q">Knihovna FM JH volný výběr</subfield>
   <subfield code="t">na 1 měsíc</subfield>
   <subfield code="u">UEP01</subfield>
  </datafield>
  <datafield tag="996" ind1=" " ind2=" ">
   <subfield code="1">PJMHS</subfield>
   <subfield code="3">F215296b</subfield>
   <subfield code="4">N:P</subfield>
   <subfield code="5">3142266592</subfield>
   <subfield code="8">20130529</subfield>
   <subfield code="9">005.8DOL</subfield>
   <subfield code="f">81</subfield>
   <subfield code="g">35889</subfield>
   <subfield code="l">UEP01</subfield>
   <subfield code="m">BOOK</subfield>
   <subfield code="q">Studovna JM</subfield>
   <subfield code="t">na 1 měsíc</subfield>
   <subfield code="u">UEP01</subfield>
   <subfield code="w">20130909</subfield>
  </datafield>
  <datafield tag="996" ind1=" " ind2=" ">
   <subfield code="1">PKFU</subfield>
   <subfield code="3">F215296c</subfield>
   <subfield code="4">N:P</subfield>
   <subfield code="5">3142270074</subfield>
   <subfield code="8">20131108</subfield>
   <subfield code="9">005.8DOL</subfield>
   <subfield code="f">83</subfield>
   <subfield code="g">37551</subfield>
   <subfield code="l">UEP01</subfield>
   <subfield code="m">BOOK</subfield>
   <subfield code="p">MI</subfield>
   <subfield code="q">KFUA</subfield>
   <subfield code="t">na dislokovaném</subfield>
   <subfield code="u">UEP01</subfield>
   <subfield code="v">Ztráta</subfield>
   <subfield code="w">20131111</subfield>
  </datafield>
  <datafield tag="996" ind1=" " ind2=" ">
   <subfield code="1">PSKLA</subfield>
   <subfield code="3">F215296a</subfield>
   <subfield code="4">N:P</subfield>
   <subfield code="5">3142266591</subfield>
   <subfield code="8">20130529</subfield>
   <subfield code="9">005.8DOL</subfield>
   <subfield code="f">81</subfield>
   <subfield code="g">35889</subfield>
   <subfield code="l">UEP01</subfield>
   <subfield code="m">BOOK</subfield>
   <subfield code="q">Knihovna Žižkov - sklad</subfield>
   <subfield code="t">na 1 měsíc</subfield>
   <subfield code="u">UEP01</subfield>
   <subfield code="w">20130613</subfield>
  </datafield>
  <datafield tag="996" ind1=" " ind2=" ">
   <subfield code="1">PSTUD</subfield>
   <subfield code="3">F215296</subfield>
   <subfield code="4">N:P</subfield>
   <subfield code="5">3142266590</subfield>
   <subfield code="8">20130529</subfield>
   <subfield code="9">005.8DOL</subfield>
   <subfield code="f">81</subfield>
   <subfield code="g">35889</subfield>
   <subfield code="l">UEP01</subfield>
   <subfield code="m">BOOK</subfield>
   <subfield code="q">Studovna Žižkov</subfield>
   <subfield code="t">na 1 měsíc</subfield>
   <subfield code="u">UEP01</subfield>
   <subfield code="w">20130821</subfield>
  </datafield>
 </record>
</collection>
